000 00584nam a2200193 a 4500
001 000010182
005 20240412074215.0
008 091005s1982 dr a 000 p spa d
040 _aDO-SdBNP
_bspa
_cBNPHU
082 _aRD861.44
_bG984s
100 1 _aGutiérrez, Tony
_925185
245 1 0 _aSecas de vientos /
_cTony Gutiérrez.
260 _aSanto Domingo :
_bAlfa y Omega,
_c1982.
300 _a142 p. :
_bil. ;
_c21 cm.
590 _aInventariado, 2018/LP
650 0 _aPoesía dominicana
_966
650 0 _aLiteratura dominicana.
_967
910 _aValidado. Control de calidad BNPHU
999 _c9941
_d9941